1272 1835 1963 1860 1964 1100 1010 1799 1903 1541 1825 1607 1566 1350 1876 1854 1076 1346 1821 1376 1083 1864 1066 1592 1330 1494 1941 1004 1478 1298 1930 1500 1842 1044 1053 1447 1898 1229 1973 1933 1955 1458 1527 1402 1817 1357 1854 1753 1704 1358 1217 1894 1115 1079 1945 1391 1438 1794 1311 1970 1897 1876 1184 1446 1425 1645 1609 1757 1662 1813 1848 1504 1052 1251 1494 1492 1548 1141 1996 1620 1391 1062 1804 1724 1655 1071 1740 1790 1874 1156 1261 1759 1015 1541 1487 1431 1427 1878 1312 BCNSPRNW ULIB Ver.6.0+V

เปลี่ยนเป็นภาษาไทย

Change to English
 แสดงรายละเอียดบรรณานุกรม
  กลับหน้าหลัก

Brief Record : Get Marc (ISO 2709) : E-mail record : QR code < ปิดหน้าต่าง
LEADER : 00000nam 2200000uu 4500
001    13399108204
003     ULIB
008    110221s2552||||th 000 0 tha d
020    9789748285221
060 04 WB115^bป445ค 2552
100 0  ปราณี ทู้ไพเราะ
245 10 คู่มือโรค =^bHandbook of diseases /^cปราณี ทู้ไพเราะ
246 31 Handbook of diseases
250    พิมพ์ครั้งที่ 1
260    กรุงเทพฯ :^bNP Press,^c2552
300    522 หน้า ;^c21 ซม.
504    มีบรรณานุกรมและดัชนี
650  7 การวินิจฉัยโรค
650  7 อายุรศาสตร์
945    ^p320^l0^i028874
945    ^p320^l0^i028724
945    ^p320^l0^i028723
945    ^p320^l0^i026170
945    ^p320^l0^i026169
945    ^p320^l0^i026168
945    ^p320^l0^i026166
945    ^p320^l0^i026164
945    ^p320^l0^i026167
945    ^p320^l0^i026165
995    ทศพร
999 ^a 2552ใช้งานได้ทุกระบบ
รายการนี้ยังไม่มีแท็ก
คุณยังไม่ได้ล็อกอิน คุณสามารถมีกิจกรรมร่วมกับเว็บไซต์ได้ แต่ต้องล็อกอินก่อน ::
  ล็อกอิน

รายการสื่อสารสนเทศ

ลำดับที่ ประเภท เลขเรียก/บาร์โค้ด สถานที่ สถานะ
- ไม่พบข้อมูล -

รายการใกล้เคียง
    ผู้แต่ง [ปราณี ทู้ไพเราะ]

    หัวเรื่อง [การวินิจฉัยโรค]
    หัวเรื่อง [อายุรศาสตร์]

BibComment


ยังไม่เคยถูกคอมเมนท์

คอมเมนท์ทรัพยากรรายการนี้
  คอมเมนท์: คู่มือโรค Handbo..


 Copyright 2026. Bcnsprnw @Library